00709nam a22002177a 450000500170000001000150001702000260003202000230005803500140008103700130009508200110010824501210011926000450024027000640028530000260034949000280037550000190040370000210042270000210044370000270046420161108142900.0 aENG-116474 c595.00a9780199466603 c595.00a0199466602 aEN-100006 bDBAD/PUB a342.54 aComparative constitutionalism in South Asia /cedited by Sunil Khilnani, Vikram Raghavan [and] Arun K. Thiruvengadam aNew DelhibOxford University Pressc2016 aYMCA Library Building, 1 Jai Singh Road,bNew Delhie110001 axii,401p. c22cm(pbk) aOxford India Paperbacks aIncludes index aKhilnani, Sunil  aRaghavan,Vikram  a Thiruvengadam,Arun K.